| 000 | 00607nam a22001937a 4500 | ||
|---|---|---|---|
| 005 | 20180412104754.0 | ||
| 010 | _aENG-122458 | ||
| 020 |
_a9788171395224 _c950.00 |
||
| 035 | _aEN-105990 | ||
| 037 | _bDBAD/PUB | ||
| 082 | _a181.45 | ||
| 100 | _aTrivedi, Tanuja | ||
| 245 |
_aDayanand saraswati his life and ideas / _cby Tanuja Trivedi |
||
| 260 |
_aNew Delhi _bJnanada Prakashan (P&D) _c2012 |
||
| 270 |
_a4837/2, 24, Ansari Road, Daryaganj, _bNew Delhi _e110002 |
||
| 300 |
_a300p. _bill. _c21cm(Hb) |
||
| 500 | _aIncludes bibliography [and] index | ||
| 942 |
_2ddc _cEN _mTRI _h181.45 |
||
| 999 |
_c150691 _d150691 |
||